Urban land policies and land-use control measures (Record no. 494550)

000 -LEADER
fixed length control field 00487cam a22001097a 4500
008 - FIXED-LENGTH DATA ELEMENTS--GENERAL INFORMATION
fixed length control field 180718b1973 xxu||||| |||| 00| 0 eng d
082 ## - DEWEY DECIMAL CLASSIFICATION NUMBER
Classification number Y112 Un3
245 ## - TITLE STATEMENT
Title Urban land policies and land-use control measures
Statement of responsibility, etc. by Department of Economic and Social Affairs, U.S.A.
260 ## - PUBLICATION, DISTRIBUTION, ETC.
Place of publication, distribution, etc. New York
Name of publisher, distributor, etc. United Nations
Date of publication, distribution, etc. 1973
500 ## - GENERAL NOTE
General note , vol. 1: Africa, vol 4. Latin America, vol 5. Middle East, vol.6 Northern America, vol.7: Global Review
700 ## - ADDED ENTRY--PERSONAL NAME
Personal name U.S.A. Department Of Economic And Social Affairs
Holdings
Withdrawn status Lost status Damaged status Not for loan Permanent Location Current Location Date acquired Full call number Barcode Date last seen Price effective from Koha item type
        Indian Institute of Public Administration Indian Institute of Public Administration 2018-08-04 Y112 Un3 G13692 2018-08-04 2018-08-04 G
        Indian Institute of Public Administration Indian Institute of Public Administration 2018-08-04 Y112 Un3 G12445 2018-08-04 2018-08-04 G
        Indian Institute of Public Administration Indian Institute of Public Administration 2018-08-04 Y112 Un3 G12244 2018-08-04 2018-08-04 G
        Indian Institute of Public Administration Indian Institute of Public Administration 2018-08-04 Y112 Un3 G12242 2018-08-04 2018-08-04 G
        Indian Institute of Public Administration Indian Institute of Public Administration 2018-08-04 Y112 Un3 GG33079 2018-08-04 2018-08-04 GG

Powered by Koha